000 00593nam a2200217 a 4500
001 BRCA_3515
005 20190320204321.0
008 260709s1920----mx-#---###---#000-0#spa-#
041 _aspa
044 _amx
050 4 _aF1233.5.D5
_b.B85 1920
100 1 _aBulnes, Francisco
_d1853-1924.
_99126
245 1 0 _aEl verdadero Díaz y la revolución
_cFrancisco Bulnes.
260 _aMéxico
_bE. Gómez de la Puente
_c1920
300 _a434 p.
_c22 cm.
500 _aB119
600 1 4 _aDiaz, Porfirio
_d1830-1915
_94775
651 4 _aMéxico
_xHistoria
_9614
902 _aGFM
942 _2lcc
_cB
999 _c3250
_d3250